000 00737nam a22002177a 4500
999 _c19872
_d19872
003 AR-CdUCM
008 190308b ||||| |||| 00| 0 spa d
040 _aMUNICIPALIDAD PROVINCIAL DEL CUSCO
_cBIBLIOTECA MUNICIPAL DEL CUSCO
082 _a869.5 /
_bR81
100 _aRomero de Valle, Emilia
_913518
245 _aDiccionario manual de literatura peruana y materias afines /
260 _aLima :
_bUniversidad mayor de San Marcos,
_c1966.
300 _a156 páginas ;
_c25 cm.
440 _aDepartamento de publicaciones
_941547
500 _aIncluye referencias bibliográfica
505 _aContenido : Diccionario.
650 _aDiccionario temático
_941548
650 _aLiteratura
_983
942 _2ddc
_cLIBROS
945 _arcc